[Event "Titled Tuesday intern op 25th Apr Late"]
[Site "Chess.com INT"]
[Date "2023.04.25"]
[Round "6"]
[White "Erdogan, Anil Berk"]
[Black "Bitoon, Richard"]
[Result "0-1"]
[WhiteElo "2091"]
[BlackElo "2375"]
[PlyCount "92"]
[EventDate "2023.04.25"]
[EventType "swiss (blitz)"]
[EventRounds "11"]
[EventCountry "USA"]
[SourceTitle "EXT 2024"]
[Source "ChessBase"]
[SourceDate "2023.10.10"]
[SourceVersion "1"]
[SourceVersionDate "2023.10.10"]
[SourceQuality "1"]

1. e4 e5 2. Nf3 Nc6 3. d4 exd4 4. Nxd4 Nf6 5. Nc3 Bc5 6. Nb3 Bb4 7. Qe2 0-0 8. Bd2 Bxc3 9. Bxc3 Nxe4 10. 0-0-0 Nxc3 11. bxc3 a5 12. Qh5 a4 13. Nd4 Qf6 14. Bd3 g6 15. Qh6 Nxd4 16. cxd4 Qxd4 17. h4 Qa1+ 18. Kd2 Qg7 19. Qe3 Ra5 20. h5 Qe5 21. Qh3 Qf4+ 22. Qe3 Qxe3+ 23. fxe3 Rg5 24. Rdg1 gxh5 25. Rh2 d6 26. Rgh1 Bg4 27. Kc3 Re8 28. e4 Rc5+ 29. Kd4 b5 30. a3 Rb8 31. Rb1 Kg7 32. Rhh1 Rg5 33. Kc3 Bd7 34. Rb4 c5 35. Rbb1 Rg3 36. Kd2 Rxg2+ 37. Ke3 Rg5 38. Be2 Kg6 39. Rbg1 Bg4 40. Bd3 c4 41. Bf1 Re8 42. Bg2 d5 43. Rd1 dxe4 44. Rd6+ Kg7 45. Rf1 Rg6 46. Rd7 Bxd7 0-1

[Event "Titled Tuesday intern op 25th Apr Late"]
[Site "Chess.com INT"]
[Date "2023.04.25"]
[Round "10"]
[White "Kuzmin, Roman"]
[Black "Bitoon, Richard"]
[Result "1/2-1/2"]
[WhiteElo "2238"]
[BlackElo "2375"]
[PlyCount "164"]
[EventDate "2023.04.25"]
[EventType "swiss (blitz)"]
[EventRounds "11"]
[EventCountry "USA"]
[SourceTitle "EXT 2024"]
[Source "ChessBase"]
[SourceDate "2023.10.10"]
[SourceVersion "1"]
[SourceVersionDate "2023.10.10"]
[SourceQuality "1"]

1. e4 e5 2. Nf3 Nc6 3. Bb5 a6 4. Ba4 Nf6 5. 0-0 b5 6. Bb3 Bb7 7. Re1 Bc5 8. c3 d6 9. d4 Bb6 10. Be3 0-0 11. Nbd2 Re8 12. dxe5 Nxe5 13. Bxb6 cxb6 14. Qc2 Nxf3+ 15. gxf3 Nh5 16. Nf1 Nf4 17. Ng3 Qh4 18. Kh1 d5 19. Re3 Re5 20. Rg1 Rae8 21. Nf5 Rxf5 22. exf5 Rd8 23. Rg4 Qh3 24. Qd1 Nh5 25. Re7 Bc6 26. Kg1 Nf6 27. Rg3 Qxf5 28. Qd4 Kf8 29. Re5 Qb1+ 30. Kg2 Rb8 31. Reg5 h6 32. Rxg7 Qf5 33. Bc2 Qe6 34. Qh4 h5 35. Qg5 Rd8 36. Bf5 Qe5 37. Rg8+ Ke7 38. Rxd8 Kxd8 39. Bd3 Qe6 40. Qf5 Ke7 41. Rg5 d4 42. Qxe6+ Kxe6 43. cxd4 Nd5 44. Re5+ Kd6 45. Be4 f6 46. Rxh5 Nf4+ 47. Kg3 Nxh5+ 48. Kh4 Nf4 49. Kg4 Ne6 50. Kf5 Nxd4+ 51. Kxf6 Nxf3 52. Bxc6 Kxc6 53. h3 b4 54. Kf5 Kd6 55. Kg4 Ne5+ 56. Kg5 Ke6 57. f4 Nf3+ 58. Kg6 Nh4+ 59. Kg5 Nf5 60. h4 Nd4 61. h5 Kf7 62. h6 Ne6+ 63. Kf5 Nd4+ 64. Ke5 Ne2 65. f5 Ng3 66. f6 Nh5 67. h7 Nf4 68. Kd6 Ng6 69. Kc6 b3 70. axb3 Kxf6 71. Kxb6 Kg7 72. Kxa6 Kxh7 73. b4 Kg7 74. b5 Ne5 75. b6 Kf6 76. b7 Nd7 77. b4 Ke6 78. b5 Kd6 79. Ka7 Kc5 80. b6 Kc6 81. b8Q Nxb8 82. Kxb8 Kxb6 1/2-1/2